The development of social thought / (Record no. 64869)

MARC details
000 -LEADER
fixed length control field 00545nam a22001577a 4500
005 - DATE AND TIME OF LATEST TRANSACTION
control field 20120411144655.0
020 ## - INTERNATIONAL STANDARD BOOK NUMBER
Terms of availability 00.00
035 ## - SYSTEM CONTROL NUMBER
System control number 565234
037 ## - SOURCE OF ACQUISITION
Stock number DPL
Source of stock number/acquisition ENG
100 ## - MAIN ENTRY--PERSONAL NAME
Personal name Bogardus, Emory S.
245 ## - TITLE STATEMENT
Title The development of social thought /
Statement of responsibility, etc by Emory S. Bogardus
260 ## - PUBLICATION, DISTRIBUTION, ETC. (IMPRINT)
Place of publication, distribution, etc Bombay
Name of publisher, distributor, etc Vakils, Feffer and Simons Pvt. Ltd.
Date of publication, distribution, etc 1969
300 ## - PHYSICAL DESCRIPTION
Extent 689p.
Dimensions 18 cms.
942 ## - ADDED ENTRY ELEMENTS (KOHA)
Source of classification or shelving scheme Dewey Decimal Classification
Item type English Books
Classification part 301
Call number suffix BOG
Holdings
Withdrawn status Lost status Not for loan Collection code Home library Current library Date acquired Cost, normal purchase price Full call number Barcode Cost, replacement price Koha item type
      Non-fiction Sarojini Nagar Sarojini Nagar 11/04/2012 0.00 301 BOG 565234 0.00 English Books

© Delhi Public Library
Hit Counter
free hit counter